Ends in 'HE' Quiz Stats

 Plays Quiz Updated Feb 16, 2012

Also try: Ends in 'LA'
Challenge
Share
Tweet
Embed
Score 0/30 Timer 07:00
1 Play Today
Hint Answer % Correct
The most common english wordThe
99%
Dull, steady painAche
75.7%
'Apostrophe
68.5%
Squirm in painWrithe
67.2%
DespiseLoathe
63.8%
10% payment in support of a churchTithe
60.2%
Immerse in water for cleansingBathe
57.8%
Attack helicopter or group of Native American tribesApache
54.3%
Anise-flavoured spirit also known as the green fairyAbsinthe
53.5%
RespireBreathe
52.8%
Machine for rapidly turning wood or metal Lathe
52.5%
Handlebar, for exampleMoustache
51.7%
Tool consisting of a curved blade on a long, bent handleScythe
50.3%
The main stadium for tennis' US Open is named in his honourArthur Ashe
44.8%
Specialized role, or a recess in a wallNiche
44.1%
Hint Answer % Correct
DressClothe
42.5%
Hiding place, often for storing provisionsCache
39.2%
Easily bent; suppleLithe
39%
Massive slide or an NHL teamAvalanche
38.7%
The ego, super-ego and idPsyche
32.8%
Faust poetJohann Wolfgang von Goethe
23.7%
Retract a clawSheathe
23.3%
Philosopher who declared 'God is dead'Friedrich Nietzsche
22.2%
Automaker FerdinandPorsche
20.7%
Harm or injure, or to criticize severelyScathe
18.8%
Grand or flamboyant flair or elegancePanache
17.8%
Unsweetened custard baked in a pastry shell Quiche
17.2%
16th century Danish astronomer known for his precisionTycho Brahe
14.2%
Medley of various ingredientsPastiche
4.5%
Navigable submersible for deep-sea explorationBathyscaphe
2.7%

You're not logged in!

Compare scores with friends on all Sporcle quizzes.
Join for Free
OR
Log In

You Might Also Like...

Show Comments

Extras

Top Quizzes Today


Score Distribution

Your Account Isn't Verified!

In order to create a playlist on Sporcle, you need to verify the email address you used during registration. Go to your Sporcle Settings to finish the process.

Report this User

Report this user for behavior that violates our Community Guidelines.

Details: